Countries With 100% Access to Basic Water - Statistics

General Stats
  • This quiz has been taken 18 times
  • The average score is 37 of 53
Answer Stats
Country % Correct
United States
100%
Germany
94%
United Kingdom
94%
Australia
88%
Denmark
88%
Finland
88%
France
88%
Iceland
88%
Netherlands
88%
New Zealand
88%
Spain
88%
Sweden
88%
Belgium
82%
Estonia
82%
Italy
82%
Luxembourg
82%
Portugal
82%
South Korea
82%
Austria
76%
Cyprus
76%
Greece
76%
Liechtenstein
76%
Malta
76%
Monaco
76%
Norway
76%
Romania
76%
Slovakia
76%
Slovenia
76%
United Arab Emirates
76%
Andorra
71%
Bahrain
71%
Chile
71%
Czechia
71%
Hungary
71%
Mexico
71%
Qatar
71%
Singapore
71%
Switzerland
71%
Brazil
65%
Israel
65%
Kuwait
65%
San Marino
65%
Uruguay
65%
Costa Rica
47%
Paraguay
47%
Armenia
41%
Brunei
41%
Thailand
41%
Maldives
35%
Mauritius
35%
Palau
29%
Libya
24%
Turkmenistan
18%
No matching quizzes found
Score Distribution
Percent of People with Each Score
Percentile by Number Answered
Your Score History
You have not taken this quiz